000 004890000a22001810004500
020 _a0-06-091336-3
041 0 _aENG
082 0 4 _aG 658.4 B4729e
100 1 _aBennis, Warren G.
245 1 0 _aLeaders : The strategies for taking charge / Warren Bennis, Burt Nanus
260 _aCambridge, USA : Harper and Row
300 _a244 Pag
001 10555
942 _cBK
999 _c40089
_d40089
336 _atexto
_btxt
_2rdacontent
337 _2rdamedia
_asin mediación
_bn
338 _2rdacarrier
_avolumen
_bnc